| 000 | 01647nam a2200361 c 4500 | ||
|---|---|---|---|
| 003 | BLK | ||
| 005 | 20240802123057.0 | ||
| 008 | 180411b bul|||||r ||||||| ||bul|| | ||
| 010 | _aKNG00182695000 | ||
| 020 |
_a978-954-742-210-0 _bиздат.: Слънце |
||
| 040 | _aBLK | ||
| 041 |
_aBUL _cBUL |
||
| 072 | 7 |
_2bullib _aН83 _xЧужда художествена литература Н |
|
| 080 |
_aАмериканска литература (на САЩ) _b821.111(73) _x-31 _z821.111(73)-31 |
||
| 100 | 1 |
_aМа, Ан _eпърви автор _9339692 |
|
| 700 | 1 |
_aМундрова, Славянка Димитрова _eпрев. _gМундрова-Неделчева, Славянка Димитрова _9364741 |
|
| 139 |
_aМа, Ан _bМ 12 |
||
| 245 | 1 | 0 |
_aЕдна година в Париж _bМагията на храната и любовта _cАн Ма; прев. Славянка Димитрова Мундрова. |
| 257 | _aUSA | ||
| 260 |
_аСофия _bСлънце _c2015 _fСофия : Инвестпрес |
||
| 300 |
_a287 с. _c20 см |
||
| 380 | _aX | ||
| 490 | 1 | _aПоредица Пътувай и обичай | |
| 500 | _aОриг. загл. Mastering the Art of French Eating / by Ann Mah. - Възприета форма на името на прев. е Славянка Димитрова Мундрова. | ||
| 653 | _aромани | ||
| 659 | _aН | ||
| 852 | _aЦб 277091 | ||
| 856 | 4 |
_qpdf _u |
|
| 856 | 4 |
_qpdf _u |
|
| 942 |
_cKNG _n0 _010 |
||
| 944 |
_aCR _c25.09.2015 _lЦветелина Шанова _k30531 |
||
| 944 |
_aED _c20.01.2018 _lф / _kВиолета_Тройчева |
||
| 999 |
_c174231 _d174231 |
||